| Tag |
First Indicator |
Second Indicator |
Subfields |
| LEADER |
00000cam a2200000 i 4500 |
| 001 |
in00000074505 |
| 005 |
20230822104319.0 |
| 008 |
820304s1979 gw a b 001 0 ger |
| 010 |
|
|
|a 81469513
|
| 015 |
|
|
|a GFR79-A
|
| 015 |
|
|
|a 79,A43,0831
|2 dnb
|
| 015 |
|
|
|a 79,N21,0263
|2 dnb
|
| 016 |
7 |
|
|a 790798492
|2 DE-101
|
| 019 |
|
|
|a 7410114
|
| 020 |
|
|
|a 3437302876
|
| 020 |
|
|
|a 9783437302879
|
| 020 |
|
|
|a 3437302973
|
| 020 |
|
|
|a 9783437302978
|
| 029 |
1 |
|
|a GBVCP
|b 021250111
|
| 029 |
1 |
|
|a GBVCP
|b 023280883
|
| 029 |
1 |
|
|a GBVCP
|b 039884252
|
| 029 |
1 |
|
|a NLGGC
|b 066110513
|
| 035 |
|
|
|a (OCoLC)ocm08284473
|
| 035 |
|
|
|a (OCoLC)8284473
|z (OCoLC)7410114
|
| 035 |
|
|
|a (OCoLC)ocm08284473
|
| 040 |
|
|
|a DLC
|b eng
|c DLC
|d GBVCP
|d OCLCF
|d OCLCQ
|d EUW
|d OCLCQ
|d OCLCO
|d OCL
|d OCLCA
|
| 050 |
0 |
0 |
|a GN269
|b .S383
|
| 060 |
|
0 |
|a GN 269
|
| 082 |
0 |
0 |
|a 573.2
|2 19
|
| 084 |
|
|
|a 42.88
|2 bcl
|
| 084 |
|
|
|a 18a
|a 15a
|2 sdnb
|
| 100 |
1 |
|
|a Schwidetzky, Ilse,
|d 1907-1997.
|
| 245 |
1 |
0 |
|a Rassen und Rassenbildung beim Menschen :
|b Typen, Bevölkerungen, geograph. Variabilität /
|c Ilse Schwidetzky.
|
| 260 |
|
|
|a Stuttgart ;
|a New York :
|b Fischer,
|c 1979.
|
| 300 |
|
|
|a 130 pages :
|b illustrations ;
|c 19 cm.
|
| 336 |
|
|
|a text
|b txt
|2 rdacontent
|
| 337 |
|
|
|a unmediated
|b n
|2 rdamedia
|
| 338 |
|
|
|a volume
|b nc
|2 rdacarrier
|
| 490 |
0 |
|
|a Gustav Fischer Taschenbücher
|
| 504 |
|
|
|a Includes bibliographical references (pages 113-126) and index.
|
| 650 |
|
0 |
|a Race.
|
| 650 |
|
0 |
|a Human evolution.
|
| 650 |
|
0 |
|a Ethnology.
|
| 650 |
|
0 |
|a Evolution (Biology)
|
| 650 |
|
2 |
|a Racial Groups.
|
| 650 |
|
2 |
|a Biological Evolution
|
| 650 |
|
2 |
|a Ethnology
|
| 650 |
|
6 |
|a Race.
|
| 650 |
|
6 |
|a Homme
|x Évolution.
|
| 650 |
|
6 |
|a Ethnologie.
|
| 650 |
|
6 |
|a Évolution (Biologie)
|
| 650 |
|
7 |
|a evolution.
|2 aat
|
| 650 |
|
7 |
|a Evolution (Biology)
|2 fast
|0 (OCoLC)fst00917302
|
| 650 |
|
7 |
|a Ethnology.
|2 fast
|0 (OCoLC)fst00916106
|
| 650 |
|
7 |
|a Human evolution.
|2 fast
|0 (OCoLC)fst00963030
|
| 650 |
|
7 |
|a Race.
|2 fast
|0 (OCoLC)fst01086436
|
| 653 |
|
2 |
|a Racial Stocks
|
| 776 |
0 |
8 |
|i Online version:
|a Schwidetzky, Ilse, 1907-
|t Rassen und Rassenbildung beim Menschen.
|d Stuttgart ; New York : Fischer, 1979
|w (OCoLC)623294557
|
| 948 |
|
|
|h HELD BY TXA - 26 OTHER HOLDINGS
|
| 994 |
|
|
|a Z0
|b TXA
|
| 999 |
f |
f |
|s 604583b2-8d6b-3e8c-86f5-b0f14079fba2
|i efcc303b-dcf2-339c-a641-cd3b8873cc97
|t 0
|
| 952 |
f |
f |
|p ric
|a Texas A&M University
|b Rellis Campus
|c Joint Library Facility
|d Remote Storage
|t 0
|e GN60 .S37
|h Library of Congress classification
|i unmediated -- volume
|m A14806114082
|
| 998 |
f |
f |
|a GN60 .S37
|t 0
|l Remote Storage
|